000 00571nmm a2200181Ia 4500
008 251105s9999||||xx |||||||||||||||||und||
020 _a9789587382921
041 _aspa
100 _aCastillo, Mery
245 0 _aCultura de la investigación para los estudios urbanos, políticos e internacionales
264 _a[Bogotá, Colombia] :
_bUniversidad del Rosario,
_c2013
300 _a370 páginas
650 _aEducation
700 _aCastillo, Mery
700 1 _a Torregroza, Enver (eds.)
856 _uhttps://public.digitaliapublishing.com/a/46328
942 _cCF
999 _c63797
_d63797